Çip, çöp ve Mia / (Record no. 23512)

MARC details
000 -BAŞLIK
Sabit Uzunluktaki Kontrol Alanı 00688nam a22002057a 4500
003 - KONTROL NUMARASI KİMLİĞİ
Kontrol Alanı koha_MIRAKIL
005 - EN SON İŞLEM TARİHİ ve ZAMANI
Kontrol Alanı 20260417123035.0
008 - SABİT UZUNLUKTAKİ VERİ ÖGELERİ - GENEL BİLGİ
Sabit Alan 260417b tur||||| |||| 00| 0 tur d
020 ## - ISBN - ULUSLARARASI STANDART KİTAP NUMARASI
Isbn 9786256915671
040 ## - KATALOGLAMA KAYNAĞI
Özgün Kataloglama Kurumu TR-IsEVY
Kataloglama Dili tur
Çeviri Kurumu TR-IsEVY
041 ## - DİL KODU
Metin ya da ses kaydının dil kodu tur
082 ## - DEWEY ONU SINIFLAMA SİSTEMİ
Sınıflama Numarası FIC İPL/Ç
100 ## - KİŞİ ADI
Yazar Adı (Kişi adı) İplikçi, Müge
245 #0 - ESER ADI BİLDİRİMİ
Başlık Çip, çöp ve Mia /
Sorumluluk Bildirimi Müge İplikçi ; resimleyen Elahe Behin.
260 ## - YAYIN, DAĞITIM, VB.
Yayın Yeri İstanbul :
Yayınevi Günışığı Kitaplığı,
Yayın Tarihi 2026.
300 ## - FİZİKSEL TANIMLAMA
Sayfa, Cilt vb. 120 s. :
Diğer fiziki detaylar resimli ;
Boyutları 18 cm.
650 ## - KONU BAŞLIĞI EK GİRİŞ - KONU TERİMİ
Konusal terim veya coğrafi ad Çocuk Edebiyatı.
Alt başlık biçimi Çocuk Hikayeleri.
-- Ekoloji.
-- Çevre Kirliliği.
-- Atıklar.
-- Sürdürülebilirlik.
700 1# - EK GİRİŞ - KİŞİ ADI
Yazar Adı (Kişi adı) Behin, Elahe.
Ünvan resimleyen.
942 ## - EK GİRİŞ ÖGELERİ (KOHA)
Source of classification or shelving scheme Dewey Decimal Classification
Koha item type Kitap
Holdings
Kayıp Durumu Sınıflandırma Kaynağı Hasarlı Durumu Koleksiyon Kodu Kalıcı Konum Mevcut Konum Kayıt Tarih Edinim Kaynağı Toplam Ödünçverme Yer Numarası Demirbaş Numarası Son Görülme Tarihi Fatura Tarihi Materyal Türü
  Dewey Decimal Classification   İlkokul İLKOKUL KÜTÜPHANESİ İLKOKUL KÜTÜPHANESİ 17/04/2026 Bağış   FIC İPL/Ç 25123 17/04/2026 17/04/2026 Kitap